| 000 | 01015cam a2200265 a 4500 | ||
|---|---|---|---|
| 999 |
_c342577 _d342577 |
||
| 001 | 12854251 | ||
| 003 | NUST | ||
| 005 | 20180105100150.0 | ||
| 008 | 020715s2002 nmu 000 1 eng | ||
| 010 | _a 2002029185 | ||
| 020 | _a0865343705 | ||
| 020 | _a0865343594 (pbk.) | ||
| 040 |
_aDLC _cDLC _dDLC |
||
| 050 | 0 | 0 |
_aPS3556.R33426 _bF73 2002 |
| 082 | 0 | 0 |
_a813.54 _bFRA |
| 100 | 1 |
_aFrank, Larry. _98076 |
|
| 245 | 1 | 0 |
_aFragments of a mask / _cLarry Frank. |
| 250 | _a1st ed. | ||
| 260 |
_aSanta Fe : _bSunstone Press, _c2002. |
||
| 300 |
_a207 p. ; _c24 cm. |
||
| 650 | 0 |
_aAntiquities _xCollection and preservation _vFiction. _98077 |
|
| 651 | 0 |
_aLos Angeles (Calif.) _vFiction. _97582 |
|
| 655 | 7 |
_aRomantic suspense fiction. _2gsafd _95598 |
|
| 906 |
_a7 _bcbc _corignew _d1 _eocip _f20 _gy-gencatlg |
||
| 942 |
_2ddc _cBK |
||